000 00596nam a2200193Ii 4500
003 JO-AjNU
008 230605s9999||||xx |||||||||||||| ||und||
040 _aJO-AjNU
_bara
_erda
_cJO-AjNU
041 _aara
050 1 4 _aPQ4829 1900
100 3 _aكرستي، أجاثا,
_eauthor
_935334
245 0 0 _aالشيطان إمرأة
264 3 1 _aبيروت: دار الثقافة، 1900
300 _a143ص
336 _atext
_btxt
_2rdacontent
337 _aunmediated
_bn
_2rdamedia
338 _avolume
_bnc
_2rdacarrier
650 4 _aالأدب العربي - روايات - ترجمة
_935335
999 _aA14577
_c18145
_d18145